[Event "Rated Blitz game"]
[Site "?"]
[Date "2021.06.06"]
[Round "?"]
[White "Mulika13"]
[Black "elsas"]
[Result "1-0"]
[WhiteElo "2469"]
[BlackElo "2448"]
[PlyCount "113"]
[EventDate "2021.??.??"]
[EventType "blitz"]

1. e4 e5 2. Nf3 Nc6 3. c3 d5 4. Qa4 dxe4 5. Nxe5 Qd5 6. Bb5 Nge7 7. Nxc6 Nxc6
8. O-O Bd6 9. d4 O-O 10. Be3 Qh5 11. g3 Bg4 12. Re1 Bf3 13. Nd2 f5 14. Nxf3
exf3 15. d5 Ne5 16. Bf4 Ng4 17. h4 g5 18. Bxg5 Bxg3 19. fxg3 f2+ 20. Kg2 fxe1=Q
21. Rxe1 h6 22. Bf4 a6 23. Bd7 b5 24. Qd4 Rad8 25. Be6+ Rf7 26. Bxc7 Re8 27. d6
f4 28. d7 Rxe6 29. d8=Q+ Rf8 30. Rxe6 f3+ 31. Kh1 Nf2+ 32. Qxf2 Rxd8 33. Bxd8
Qg4 34. Kg1 Qxe6 35. Bb6 Qe4 36. Kh2 Kf7 37. Be3 h5 38. a4 bxa4 39. g4 hxg4 40.
Bd4 Qf4+ 41. Qg3 Qd2+ 42. Bf2 Qf4 43. Qxf4+ Ke6 44. Qxg4+ Kd5 45. Qxf3+ Kc4 46.
Qe3 Kb3 47. Qd4 a3 48. Qb4+ Kc2 49. Qxa3 Kd3 50. Qa5 Kc2 51. Qxa6 Kb3 52. Qg6
Ka2 53. h5 Kxb2 54. h6 Kb3 55. h7 Kb2 56. h8=Q Kb3 57. c4 {Normal} 1-0

[Event "Checkmate Covid Rematch"]
[Site "chess.com INT"]
[Date "2021.06.06"]
[Round "?"]
[White "Alcock, Graham P"]
[Black "Royal, Shreyas"]
[Result "0-1"]
[WhiteElo "1736"]
[BlackElo "2121"]
[PlyCount "78"]
[EventDate "2021.06.05"]
[SourceTitle "The Week in Chess 1388"]
[Source "Mark Crowther"]
[SourceDate "2021.06.14"]
[SourceVersion "1"]
[SourceVersionDate "2021.06.14"]
[SourceQuality "2"]

1. e4 e5 2. Nf3 Nc6 3. c3 d5 4. exd5 Qxd5 5. Qe2 Bg4 6. d3 O-O-O 7. c4 Bb4+ 8.
Bd2 Qa5 9. Nc3 Nd4 10. Qd1 Nf6 11. Be2 Nxe2 12. Qxe2 Rhe8 13. O-O e4 14. dxe4
Nxe4 15. Nxe4 Bxd2 16. h3 Bxf3 17. Qxf3 f5 18. Nc3 Bxc3 19. bxc3 Qc5 20. Rab1
c6 21. Qf4 Re4 22. Qg5 g6 23. Rfd1 Rde8 24. Qh6 Qe7 25. f3 Rxc4 26. Re1 Qc5+
27. Kh2 Qd6+ 28. Kg1 Rxe1+ 29. Rxe1 Qd7 30. Qg5 Rxc3 31. Re7 Qd4+ 32. Kh2 Qd6+
33. Kg1 Rc1+ 34. Qxc1 Qxe7 35. Qc3 Kc7 36. Qa5+ Kb8 37. Kh2 Qc7+ 38. Qxc7+ Kxc7
39. Kg3 b5 0-1

[Event "Rated Blitz game"]
[Site "?"]
[Date "2021.06.06"]
[Round "?"]
[White "farbmates"]
[Black "kintoho"]
[Result "1-0"]
[WhiteElo "2408"]
[BlackElo "2511"]
[PlyCount "61"]
[EventDate "2021.??.??"]
[EventType "blitz"]

1. e4 e5 2. Nf3 Nc6 3. c3 Nf6 4. d4 exd4 5. e5 Ng4 6. cxd4 d5 7. h3 Bb4+ 8. Nc3
Nh6 9. Bg5 Ne7 10. Bxh6 Bxc3+ 11. bxc3 gxh6 12. Bd3 Bf5 13. O-O Qd7 14. Re1 O-O
15. Qd2 Kg7 16. e6 fxe6 17. Ne5 Qd6 18. Re3 Rf6 19. Rg3+ Kh8 20. Qxh6 Ng6 21.
Bxf5 exf5 22. Rxg6 Rxg6 23. Qh5 Rf8 24. Nxg6+ Qxg6 25. Qf3 c6 26. Rb1 Rf7 27.
Qf4 Qf6 28. Re1 Re7 29. Rxe7 Qxe7 30. Qxf5 Qe2 31. Qf8# {Normal} 1-0

[Event "Rated Blitz game"]
[Site "?"]
[Date "2021.06.06"]
[Round "?"]
[White "Kralj56"]
[Black "sooomnus"]
[Result "0-1"]
[WhiteElo "2467"]
[BlackElo "2447"]
[PlyCount "90"]
[EventDate "2021.??.??"]
[EventType "blitz"]

1. e4 e5 2. Nf3 Nc6 3. c3 f5 4. exf5 Nf6 5. d4 e4 6. d5 exf3 7. dxc6 fxg2 8.
cxd7+ Qxd7 9. Qxd7+ Bxd7 10. Bxg2 c6 11. Bf4 O-O-O 12. Nd2 Re8+ 13. Kf1 Bxf5
14. Be3 Ng4 15. Bxa7 Kc7 16. h3 Nf6 17. Be3 Bd6 18. Bf3 Rhf8 19. Nc4 Bd3+ 20.
Be2 Bxe2+ 21. Kxe2 Bc5 22. Rhg1 g6 23. Kd3 Bxe3 24. Nxe3 Ne4 25. Rae1 Rxf2 26.
Ng4 Rd2+ 27. Kc4 Rxb2 28. Kd3 Rd2+ 29. Kc4 Rxa2 30. Ra1 Rc2 31. Rgc1 Rxc1 32.
Rxc1 h5 33. Ne3 b5+ 34. Kd3 Nc5+ 35. Ke2 Ne4 36. Rc2 Kb6 37. Kf3 Kc5 38. h4 Nd6
39. Rg2 Re6 40. Rg5+ Kb6 41. Ng2 Rf6+ 42. Nf4 Nf5 43. Ke4 Nxh4 44. Ke5 Rf5+ 45.
Rxf5 Nxf5 {Time forfeit} 0-1

[Event "Rated Rapid game"]
[Site "?"]
[Date "2021.06.05"]
[Round "?"]
[White "nma291"]
[Black "rattascalpel"]
[Result "1-0"]
[WhiteElo "2356"]
[BlackElo "2403"]
[PlyCount "107"]
[EventDate "2021.??.??"]
[EventType "rapid"]

1. e4 e5 2. Nf3 Nc6 3. c3 d5 4. Qa4 dxe4 5. Nxe5 Qd6 6. Nxc6 bxc6 7. Qxe4+ Be7
8. d4 Nf6 9. Qf4 Qd5 10. Nd2 O-O 11. Qf3 Qd8 12. Bd3 Bd6 13. h3 Re8+ 14. Kd1
Rb8 15. Re1 Bd7 16. Rxe8+ Qxe8 17. Ne4 Nxe4 18. Qxe4 Qxe4 19. Bxe4 Re8 20. Bf3
c5 21. Be3 c4 22. Bd5 Bb5 23. a4 Ba6 24. Kc2 Kf8 25. Bc6 Re7 26. Bb5 Bb7 27. g3
Bxg3 28. Bxc4 f5 29. d5 Bd6 30. Bxa7 c5 31. dxc6 Bxc6 32. b4 Rxa7 33. b5 Be4+
34. Kb3 Rc7 35. b6 Bc2+ 36. Kxc2 Rxc4 37. a5 Bc5 38. Kd3 Re4 39. f3 Rh4 40. Rb1
Ra4 41. b7 Ba7 42. b8=Q+ Bxb8 43. Rxb8+ Kf7 44. Ra8 g5 45. a6 h5 46. a7 Kg7 47.
Ke3 f4+ 48. Kd3 g4 49. fxg4 hxg4 50. hxg4 Kh7 51. c4 f3 52. Ke3 Ra3+ 53. Kf2
Kg7 54. c5 {Time forfeit} 1-0

[Event "Rated Blitz game"]
[Site "?"]
[Date "2021.06.05"]
[Round "?"]
[White "Buzilo"]
[Black "CivEn"]
[Result "1-0"]
[WhiteElo "2379"]
[BlackElo "2428"]
[PlyCount "141"]
[EventDate "2021.??.??"]
[EventType "blitz"]

1. e4 e5 2. Nf3 Nc6 3. c3 d6 4. d4 exd4 5. cxd4 Nf6 6. Nc3 Bg4 7. Bb5 a6 8.
Bxc6+ bxc6 9. Qa4 Qd7 10. Be3 Be7 11. Rc1 O-O 12. Nd2 Rfe8 13. f3 Bh5 14. O-O
Bf8 15. Ne2 Rab8 16. b3 Ra8 17. Qxc6 Qxc6 18. Rxc6 Rec8 19. Rfc1 Ne8 20. d5 a5
21. Nc3 Rcb8 22. Na4 Bg6 23. g4 h5 24. h3 hxg4 25. hxg4 Be7 26. Kg2 Bd8 27. Nb1
Kf8 28. Nbc3 Ke7 29. Ne2 Kd7 30. Nd4 Rb4 31. R1c4 Bf6 32. Nc2 Rb5 33. Nd4 Bxd4
34. Bxd4 f6 35. Nb2 Bf7 36. Nd1 Rb7 37. Ne3 Bg6 38. Ra4 Rb5 39. Bc3 Kc8 40. Nc4
Rc5 41. Rxc5 dxc5 42. Rxa5 Rxa5 43. Bxa5 Nd6 44. Nxd6+ cxd6 45. Kf2 Bf7 46. Ke3
g6 47. Bc3 f5 48. Kf4 fxe4 49. fxe4 Kd7 50. Kg5 Ke7 51. a4 Be8 52. a5 Bb5 53.
Kxg6 Bd3 54. Kf5 Kf7 55. g5 Kg8 56. g6 Kf8 57. Bf6 Kg8 58. Be7 c4 59. bxc4 Bxc4
60. Bxd6 Bd3 61. Be5 Kf8 62. g7+ Kf7 63. d6 Bb5 64. Kg5 Bc6 65. Bf6 Kg8 66. a6
Kf7 67. a7 Kg8 68. d7 Bxd7 69. a8=Q+ Kf7 70. Qf8+ Ke6 71. Qe7# {Normal} 1-0

[Event "Rated Blitz game"]
[Site "?"]
[Date "2021.06.05"]
[Round "?"]
[White "Archturus"]
[Black "Glig"]
[Result "1-0"]
[WhiteElo "2508"]
[BlackElo "2525"]
[PlyCount "85"]
[EventDate "2021.??.??"]
[EventType "blitz"]

1. e4 e5 2. Nf3 Nc6 3. c3 Nf6 4. Qc2 d5 5. d3 Bg4 6. Be2 dxe4 7. dxe4 Bc5 8.
O-O O-O 9. Nbd2 h6 10. a4 a5 11. Nc4 Qe7 12. Be3 Rad8 13. Rfe1 Be6 14. Nfxe5
Nxe5 15. Nxe5 Bxe3 16. fxe3 Qc5 17. Nd3 Qxe3+ 18. Kh1 Qxe4 19. Rad1 Bf5 20. Qb3
b6 21. Bf3 Qh4 22. Ne5 Be6 23. Qb5 Qg5 24. Nc6 Rxd1 25. Rxd1 Qxb5 26. axb5 Bc4
27. Ne7+ Kh8 28. Bc6 Ng4 29. Rd4 Ne5 30. g3 Nxc6 31. bxc6 Be6 32. Kg2 Kh7 33.
Kf3 Re8 34. Nd5 Rd8 35. Nf6+ gxf6 36. Rxd8 Kg6 37. Rd7 f5 38. Rxc7 Kf6 39. Kf4
a4 40. Rb7 b5 41. c7 h5 42. Rb6 Ke7 43. Rxe6+ {Normal} 1-0

[Event "Rated Blitz game"]
[Site "?"]
[Date "2021.06.05"]
[Round "?"]
[White "Kampozky"]
[Black "ChessEducation"]
[Result "0-1"]
[WhiteElo "2375"]
[BlackElo "2411"]
[PlyCount "56"]
[EventDate "2021.??.??"]
[EventType "blitz"]

1. e4 e5 2. Nf3 Nc6 3. c3 d5 4. exd5 Qxd5 5. d3 Bf5 6. Be2 O-O-O 7. O-O Bxd3 8.
Bxd3 Qxd3 9. Qb3 Qg6 10. Be3 f5 11. Bg5 Be7 12. Bxe7 Ngxe7 13. Na3 e4 14. Nd4
Nxd4 15. cxd4 Nc6 16. d5 Nd4 17. Qa4 Ne2+ 18. Kh1 Nf4 19. g3 Qg4 20. gxf4 Qf3+
21. Kg1 Rd6 22. Rfc1 Rg6+ 23. Kf1 e3 24. Rxc7+ Kxc7 25. Nb5+ Kd8 26. Qa5+ b6
27. Qe1 e2+ 28. Qxe2 Qh1# {Normal} 0-1

[Event "Rated Blitz game"]
[Site "?"]
[Date "2021.06.05"]
[Round "?"]
[White "Suleymanov_Marat"]
[Black "davutcyuksel"]
[Result "1-0"]
[WhiteElo "2388"]
[BlackElo "2401"]
[PlyCount "65"]
[EventDate "2021.??.??"]
[EventType "blitz"]

1. e4 e5 2. Nf3 Nc6 3. c3 Nf6 4. d4 exd4 5. e5 Nd5 6. cxd4 d6 7. Bb5 Bd7 8. O-O
dxe5 9. dxe5 Nb6 10. Qe2 Be7 11. Nc3 O-O 12. Rd1 Qc8 13. h3 a6 14. Bd3 Be6 15.
Bg5 h6 16. Qe4 Bf5 17. Qxf5 Qxf5 18. Bxf5 hxg5 19. e6 g6 20. exf7+ Kxf7 21. Bc2
Bf6 22. Ne4 Bxb2 23. Rab1 Bf6 24. Nexg5+ Bxg5 25. Nxg5+ Kg8 26. Bxg6 Rf6 27.
Be4 Kg7 28. h4 Re8 29. f3 Na5 30. g4 Nbc4 31. Rd7+ Kg8 32. Bd5+ Kf8 33. Nh7# {
Normal} 1-0

[Event "Rated Blitz tournament kctyQIoG"]
[Site "?"]
[Date "2021.06.05"]
[Round "?"]
[White "firmansimbolon"]
[Black "octo_dami"]
[Result "1-0"]
[WhiteElo "2470"]
[BlackElo "2342"]
[PlyCount "73"]
[EventDate "2021.??.??"]
[EventType "blitz"]

1. e4 e5 2. Nf3 Nc6 3. c3 Nf6 4. d3 Be7 5. Be2 O-O 6. h3 d6 7. Be3 h6 8. Nbd2
d5 9. Qc1 Be6 10. O-O Re8 11. Rd1 Nh5 12. Nf1 Nf6 13. Ng3 d4 14. cxd4 Nxd4 15.
Nxd4 exd4 16. Bf4 c5 17. Bd2 Rc8 18. f4 b5 19. f5 Bd7 20. e5 Nd5 21. Bf3 Bc6
22. f6 gxf6 23. Nf5 Bf8 24. Bxh6 Rxe5 25. Be4 Ne3 26. Bxe3 Bxe4 27. dxe4 Qb6
28. Bf2 Rxe4 29. Rd3 Rce8 30. Nh6+ Kh7 31. Nf5 Qe6 32. Rf3 a5 33. Qc2 a4 34.
Ng3 f5 35. Nxf5 c4 36. Nxd4 Bc5 37. Nxe6 {Normal} 1-0

[Event "Rated Blitz game"]
[Site "?"]
[Date "2021.06.05"]
[Round "?"]
[White "Spanyard"]
[Black "Birka543"]
[Result "0-1"]
[WhiteElo "2379"]
[BlackElo "2419"]
[PlyCount "116"]
[EventDate "2021.??.??"]
[EventType "blitz"]

1. e4 e5 2. Nf3 Nc6 3. c3 d5 4. d3 dxe4 5. dxe4 Qxd1+ 6. Kxd1 Nf6 7. Bd3 Bc5 8.
Ke2 a5 9. a4 Ng4 10. Rf1 O-O 11. h3 Nf6 12. Na3 Ne8 13. Be3 Bxe3 14. Kxe3 Nd6
15. Nb5 Ne8 16. Bc4 Be6 17. Bxe6 fxe6 18. Rfd1 Rf7 19. Rd2 h6 20. Rad1 Re7 21.
Rd7 Kf7 22. h4 Rc8 23. h5 Nf6 24. Rxe7+ Kxe7 25. Rh1 Kd7 26. Nd2 Rd8 27. Nc4
Kc8 28. f3 Nd7 29. b3 Nc5 30. Nd2 Ne7 31. Ke2 c6 32. Na3 Nd3 33. g3 Kc7 34.
Nac4 b5 35. axb5 cxb5 36. Nxa5 Kb6 37. b4 Nb2 38. Rb1 Na4 39. Rb3 Rc8 40. c4
Nc6 41. c5+ Kc7 42. Nxc6 Kxc6 43. Rd3 Re8 44. Rd6+ Kc7 45. Nb3 Nb2 46. Na5 Nc4
47. Nxc4 bxc4 48. Kd2 Rb8 49. Kc3 Ra8 50. Kxc4 Rf8 51. Rxe6 Rxf3 52. Re7+ Kc8
53. Rxg7 Rxg3 54. Rxg3 Kd7 55. Kd5 Ke7 56. c6 Kf7 57. Kd6 Kf6 58. c7 Kf7 {
Time forfeit} 0-1

[Event "Rated Blitz tournament IbwcXWr8"]
[Site "?"]
[Date "2021.06.05"]
[Round "?"]
[White "SouthAfricanOstrich"]
[Black "zim0ne"]
[Result "0-1"]
[WhiteElo "2277"]
[BlackElo "2464"]
[PlyCount "30"]
[EventDate "2021.??.??"]
[EventType "blitz"]

1. e4 e5 2. Nf3 Nc6 3. c3 f5 4. exf5 e4 5. Qe2 Nf6 6. d3 d5 7. dxe4 dxe4 8.
Nbd2 Bxf5 9. Qb5 Bd7 10. Ne5 Nxe5 11. Qxe5+ Be7 12. Bc4 Bc6 13. Qe6 Rf8 14. b3
Qd7 15. Ba3 Qxe6 {Normal} 0-1

[Event "Rated Blitz game"]
[Site "?"]
[Date "2021.06.05"]
[Round "?"]
[White "l2aj"]
[Black "Bierpower"]
[Result "0-1"]
[WhiteElo "2511"]
[BlackElo "2484"]
[PlyCount "62"]
[EventDate "2021.??.??"]
[EventType "blitz"]

1. e4 e5 2. Nf3 Nc6 3. c3 f5 4. d4 fxe4 5. Nxe5 Nf6 6. Bg5 Be7 7. Bb5 O-O 8.
Qb3+ d5 9. Bxc6 bxc6 10. Nxc6 Qd6 11. Nxe7+ Qxe7 12. Bxf6 Qxf6 13. Qxd5+ Be6
14. Qc6 Qxf2+ 15. Kd1 Bg4+ 16. Kc1 e3 17. Na3 e2 18. Nc2 Bf5 19. Qf3 Bxc2 20.
Qxf2 Rxf2 21. Kd2 Bg6 22. Rae1 Re8 23. Rhg1 h5 24. h4 Bf5 25. c4 Bg4 26. b3 a5
27. d5 Re4 28. Kd3 Ref4 29. Ke3 Rf1 30. g3 Rxg1 31. Rxg1 Rf1 {Normal} 0-1

[Event "Rated Rapid game"]
[Site "?"]
[Date "2021.06.05"]
[Round "?"]
[White "CaspaTal"]
[Black "RED0S"]
[Result "1-0"]
[WhiteElo "2395"]
[BlackElo "2539"]
[PlyCount "85"]
[EventDate "2021.??.??"]
[EventType "rapid"]

1. e4 e5 2. Nf3 Nc6 3. c3 Nf6 4. d4 Nxe4 5. d5 Ne7 6. Nxe5 d6 7. Qa4+ c6 8.
dxc6 bxc6 9. Nxc6 Bd7 10. Bb5 Nc5 11. Nxd8 Nxa4 12. Bxd7+ Kxd7 13. Nxf7 Rg8 14.
Ng5 Nd5 15. Nxh7 Be7 16. Ng5 Bxg5 17. Bxg5 Rge8+ 18. Kd1 Nxb2+ 19. Kc2 Nc4 20.
Nd2 Nxd2 21. Kxd2 Re5 22. Bh4 Rae8 23. Rhe1 Rxe1 24. Rxe1 Rxe1 25. Kxe1 Nxc3
26. a3 Kc6 27. g4 a5 28. Bg5 a4 29. h4 Kd5 30. h5 Nb5 31. Bf6 Ke6 32. Bb2 Kf7
33. Kd2 g5 34. Ke3 d5 35. f4 d4+ 36. Bxd4 gxf4+ 37. Ke4 Nxa3 38. Kxf4 Nc2 39.
Bc3 a3 40. g5 a2 41. g6+ Kg8 42. h6 a1=Q 43. h7+ {Normal} 1-0

[Event "Rated Blitz tournament eoDVEjRm"]
[Site "?"]
[Date "2021.06.05"]
[Round "?"]
[White "HpRmDrNsT"]
[Black "BorArdus"]
[Result "1-0"]
[WhiteElo "2400"]
[BlackElo "2479"]
[PlyCount "65"]
[EventDate "2021.??.??"]
[EventType "blitz"]

1. e4 e5 2. Nf3 Nc6 3. c3 Nf6 4. Qa4 d6 5. d4 Bd7 6. d5 Ne7 7. Qc2 Ng6 8. c4
Be7 9. Nc3 O-O 10. g3 Qc8 11. h4 Re8 12. h5 Nf8 13. Bd3 h6 14. Nh4 N8h7 15. f3
Nxh5 16. Qh2 Ng5 17. Be2 Nf6 18. g4 Nfh7 19. Nf5 Bxf5 20. gxf5 f6 21. f4 exf4
22. Bxf4 c5 23. O-O-O a6 24. Bh5 Rf8 25. Bg6 b5 26. Qh5 bxc4 27. Bxh7+ Kxh7 28.
Qg6+ Kh8 29. Bxg5 fxg5 30. Rxh6+ gxh6 31. Qxh6+ Kg8 32. Qg6+ Kh8 33. Rh1# {
Normal} 1-0

[Event "Rated Blitz tournament eoDVEjRm"]
[Site "?"]
[Date "2021.06.05"]
[Round "?"]
[White "HpRmDrNsT"]
[Black "grandmaster0717"]
[Result "0-1"]
[WhiteElo "2400"]
[BlackElo "2456"]
[PlyCount "72"]
[EventDate "2021.??.??"]
[EventType "blitz"]

1. e4 e5 2. Nf3 Nc6 3. c3 Nf6 4. Qa4 Be7 5. d4 exd4 6. e5 Ne4 7. cxd4 d5 8. Nc3
Bb4 9. a3 Nxc3 10. Qb3 Nb5+ 11. axb4 Nbxd4 12. Nxd4 Nxd4 13. Qd1 Ne6 14. f4 f5
15. Bd3 O-O 16. O-O b6 17. Ra3 Bb7 18. Bb1 c5 19. Rh3 g6 20. Rg3 d4 21. bxc5
bxc5 22. Ba2 Bd5 23. Qa4 Rf7 24. h4 Bxa2 25. Qxa2 Qd7 26. h5 Rg7 27. h6 Re7 28.
Qc4 Rd8 29. Bd2 Qd5 30. Qa6 Rb7 31. Bc1 c4 32. Ra3 d3 33. Be3 Rxb2 34. Rf2 Rxf2
35. Bxf2 d2 36. Ra1 Nxf4 {Normal} 0-1

[Event "Rated Blitz tournament eoDVEjRm"]
[Site "?"]
[Date "2021.06.05"]
[Round "?"]
[White "HpRmDrNsT"]
[Black "EzekielGreg"]
[Result "1-0"]
[WhiteElo "2400"]
[BlackElo "2368"]
[PlyCount "77"]
[EventDate "2021.??.??"]
[EventType "blitz"]

1. e4 e5 2. Nf3 Nc6 3. c3 Nf6 4. Qa4 Bd6 5. Na3 O-O 6. Nc4 Nxe4 7. d3 Nc5 8.
Qc2 Qe7 9. Bg5 f6 10. Be3 Re8 11. O-O-O Kh8 12. h4 a6 13. h5 b5 14. Nxd6 Qxd6
15. d4 exd4 16. h6 g6 17. Nxd4 Nxd4 18. Bxd4 Qe7 19. Bd3 Ne6 20. Rde1 Qf7 21.
Be3 Bb7 22. Rhg1 d5 23. g4 Kg8 24. f4 Rac8 25. f5 Nf8 26. fxg6 Nxg6 27. g5 fxg5
28. Bd4 Rxe1+ 29. Rxe1 c5 30. Bg7 Re8 31. Rf1 Qe6 32. Bf5 Qe7 33. Bxg6 hxg6 34.
Qxg6 Qe3+ 35. Kb1 Qe4+ 36. Qxe4 Rxe4 37. Rf8+ Kh7 38. Rh8+ Kg6 39. Kc1 {
Time forfeit} 1-0

[Event "Rated Blitz game"]
[Site "?"]
[Date "2021.06.05"]
[Round "?"]
[White "Cachul"]
[Black "albania_number1"]
[Result "1-0"]
[WhiteElo "2403"]
[BlackElo "2317"]
[PlyCount "79"]
[EventDate "2021.??.??"]
[EventType "blitz"]

1. e4 e5 2. Nf3 Nc6 3. c3 Bc5 4. d4 exd4 5. cxd4 Bb4+ 6. Nc3 d5 7. e5 Bg4 8.
Bb5 Nge7 9. h3 Bxf3 10. Qxf3 O-O 11. Be3 g6 12. O-O a6 13. Bd3 Nb8 14. Bg5 Nbc6
15. Qf4 Qd7 16. Bf6 Nxd4 17. Qxd4 Nf5 18. Qf4 Rfe8 19. Bxf5 Qxf5 20. Qh6 Bf8
21. Qd2 c6 22. f4 h5 23. Ne2 b6 24. Nd4 Bc5 25. Kh2 Bxd4 26. Qxd4 Rab8 27. Rac1
Qd7 28. f5 c5 29. Qh4 d4 30. Qg5 Kh7 31. Rf3 Qd5 32. e6 Rg8 33. fxg6+ Rxg6 34.
Qxd5 Rbg8 35. exf7 Rxg2+ 36. Kh1 R8g5 37. Qxg5 Rxg5 38. Bxg5 h4 39. f8=Q Kg6
40. Qh6# {Normal} 1-0

[Event "Rated Blitz game"]
[Site "?"]
[Date "2021.06.04"]
[Round "?"]
[White "magos33"]
[Black "Rababany"]
[Result "1-0"]
[WhiteElo "2404"]
[BlackElo "2228"]
[PlyCount "67"]
[EventDate "2021.??.??"]
[EventType "blitz"]

1. e4 e5 2. Nf3 Nc6 3. c3 d5 4. Qa4 dxe4 5. Nxe5 Qd5 6. Bb5 Nge7 7. Nxc6 Nxc6
8. O-O Bd7 9. Re1 f5 10. d3 a6 11. Bc4 Qe5 12. dxe4 b5 13. Qd1 O-O-O 14. exf5
Qxf5 15. Bd3 Qf6 16. Qc2 Bc5 17. Be3 Bxe3 18. Rxe3 Ne5 19. a4 Nxd3 20. Qxd3 Bg4
21. Qf1 Rd1 22. Re1 Rhd8 23. Na3 Rxa1 24. Rxa1 Rd2 25. axb5 Be2 26. Qe1 Rxb2
27. bxa6 Bxa6 28. c4 Rxf2 29. Nb5 Bxb5 30. cxb5 Qd4 31. Qe8+ Kb7 32. Qa8+ Kb6
33. Qa7+ Kxb5 34. Qxd4 {Time forfeit} 1-0

[Event "Rated Blitz game"]
[Site "?"]
[Date "2021.06.04"]
[Round "?"]
[White "Mountain_Hiker"]
[Black "Das_Beuteltier"]
[Result "1-0"]
[WhiteElo "2448"]
[BlackElo "2475"]
[PlyCount "41"]
[EventDate "2021.??.??"]
[EventType "blitz"]

1. e4 e5 2. Nf3 Nc6 3. c3 Nf6 4. d4 Nxe4 5. d5 Ne7 6. Nxe5 Ng6 7. Nxg6 hxg6 8.
Bd3 Nc5 9. O-O Nxd3 10. Qxd3 Qh4 11. Re1+ Be7 12. h3 d6 13. Nd2 Qa4 14. b3 Qd7
15. Nf3 O-O 16. Be3 a6 17. Bd4 Qf5 18. Rad1 Qxd3 19. Rxd3 Re8 20. Rde3 Bd7 21.
Rxe7 {Time forfeit} 1-0

[Event "Rated Blitz game"]
[Site "?"]
[Date "2021.06.04"]
[Round "?"]
[White "josuexp"]
[Black "retardedplatypus123"]
[Result "0-1"]
[WhiteElo "2411"]
[BlackElo "2524"]
[PlyCount "86"]
[EventDate "2021.??.??"]
[EventType "blitz"]

1. e4 e5 2. Nf3 Nc6 3. c3 d5 4. Qa4 f6 5. Bb5 Nge7 6. exd5 Qxd5 7. d4 e4 8. c4
Qf5 9. Nfd2 Bd7 10. Nc3 Nxd4 11. Bxd7+ Qxd7 12. Qxd7+ Kxd7 13. O-O f5 14. Rd1
c5 15. Nb3 Nec6 16. Nb5 Rd8 17. N3xd4 cxd4 18. Nxd4 Nxd4 19. Rxd4+ Kc8 20.
Rxd8+ Kxd8 21. Bg5+ Be7 22. Rd1+ Ke8 23. Bxe7 Kxe7 24. Rd5 Rd8 25. Rxd8 Kxd8
26. Kf1 Kd7 27. Ke2 Kd6 28. Ke3 Kc5 29. b3 Kb4 30. Kf4 Ka3 31. Kxf5 a5 32. Kxe4
Kxa2 33. Kd5 Kxb3 34. Kc5 a4 35. Kb5 a3 36. c5 a2 37. Kb6 a1=Q 38. Kxb7 Kc4 39.
c6 Qb2+ 40. Kc8 Kc5 41. c7 Qf6 42. Kb8 Qb6+ 43. Kc8 Kd6 {Normal} 0-1

[Event "Rated Blitz game"]
[Site "?"]
[Date "2021.06.04"]
[Round "?"]
[White "Belyakov_Bogdan"]
[Black "Nikita_Sannikov"]
[Result "0-1"]
[WhiteElo "2622"]
[BlackElo "2471"]
[PlyCount "112"]
[EventDate "2021.??.??"]
[EventType "blitz"]

1. e4 e5 2. Nf3 Nc6 3. c3 Nf6 4. d4 Bd6 5. d5 Ne7 6. Bd3 Ng6 7. h4 O-O 8. h5
Nf4 9. Bxf4 exf4 10. h6 g6 11. Nbd2 Ng4 12. Nc4 Qe7 13. Qd2 f5 14. Nxd6 cxd6
15. Qxf4 fxe4 16. Qxe4 Qxe4+ 17. Bxe4 Re8 18. Nd2 Nf6 19. f3 Nxd5 20. Kf2 Nf6
21. Rae1 Kf8 22. Bc2 Rxe1 23. Rxe1 b6 24. g4 Bb7 25. g5 Nh5 26. Nc4 d5 27. Nd6
Bc6 28. b4 a6 29. a4 b5 30. a5 Nf4 31. Kg3 Ne6 32. f4 d4 33. cxd4 Nxd4 34. Bd3
Bd5 35. f5 gxf5 36. Nxf5 Nxf5+ 37. Bxf5 Bg8 38. Bxd7 Rd8 39. Bc6 Rd3+ 40. Kf4
Rd4+ 41. Ke5 Rxb4 42. Rf1+ Ke7 43. Be4 Rc4 44. Rf6 Rc5+ 45. Kf4 Rc4 46. Rxa6
Bd5 47. Ra7+ Kd6 48. Rxh7 Bxe4 49. Ra7 Bg6+ 50. Ke3 Ke5 51. Ra6 Rc3+ 52. Kd2
Rc2+ 53. Kd1 Be4 54. Rb6 Kd4 55. Rxb5 Ke3 56. Rb3+ Bd3 {Time forfeit} 0-1

[Event "Rated Blitz game"]
[Site "?"]
[Date "2021.06.04"]
[Round "?"]
[White "Zadokhlik"]
[Black "benga77"]
[Result "1-0"]
[WhiteElo "2455"]
[BlackElo "2457"]
[PlyCount "65"]
[EventDate "2021.??.??"]
[EventType "blitz"]

1. e4 e5 2. Nf3 Nc6 3. c3 Nf6 4. d3 d5 5. Nbd2 dxe4 6. dxe4 Bc5 7. Be2 O-O 8.
b4 Bb6 9. Bb2 a5 10. a3 Re8 11. O-O Bg4 12. Qc2 Qe7 13. Nc4 Bxf3 14. Bxf3 Nd8
15. g3 Ne6 16. Bg2 Ng5 17. h4 Ne6 18. Nxe5 Nf8 19. Nc4 Nxe4 20. Nxb6 cxb6 21.
Rae1 f5 22. f3 Nxg3 23. Rxe7 Rxe7 24. Qf2 f4 25. Re1 Rae8 26. Rxe7 Rxe7 27. Bf1
Ng6 28. Bc1 Rf7 29. Bc4 Nxh4 30. Bxf4 Ngf5 31. Bg5 Ng6 32. Qxb6 Ne5 33. Qd8# {
Normal} 1-0

[Event "Rated Rapid game"]
[Site "?"]
[Date "2021.06.04"]
[Round "?"]
[White "C_ca_que_c_bon"]
[Black "EMrahaC"]
[Result "0-1"]
[WhiteElo "2292"]
[BlackElo "2437"]
[PlyCount "92"]
[EventDate "2021.??.??"]
[EventType "rapid"]

1. e4 e5 2. Nf3 Nc6 3. c3 Nf6 4. d4 d6 5. Be3 Be7 6. Be2 O-O 7. Qc2 d5 8. dxe5
Nxe4 9. Nbd2 Bf5 10. Bd3 f6 11. exf6 Bxf6 12. Nxe4 dxe4 13. Bxe4 Bxe4 14. Qxe4
Qe8 15. Qxe8 Rfxe8 16. O-O-O Ne5 17. Nxe5 Bxe5 18. g3 Bd6 19. Rhe1 Kf7 20. f4
Re4 21. Bf2 Rc4 22. Kc2 a5 23. Rd4 Rc6 24. Rde4 a4 25. a3 h5 26. h3 b5 27. Bd4
Rc4 28. Kd3 c5 29. Be5 Rxe4 30. Rxe4 c4+ 31. Kd4 Bf8 32. Ke3 Rd8 33. Bd4 Bd6
34. g4 hxg4 35. hxg4 Rh8 36. Be5 Bc5+ 37. Bd4 Bxd4+ 38. Rxd4 Rh3+ 39. Ke4 Rh2
40. Kf5 Rxb2 41. Rd7+ Kf8 42. Kg6 Rb3 43. Rxg7 Rxc3 44. f5 Rg3 45. g5 Rxg5+ 46.
Kxg5 Kxg7 {Normal} 0-1

[Event "Rated Blitz game"]
[Site "?"]
[Date "2021.06.04"]
[Round "?"]
[White "Mountain_Hiker"]
[Black "Das_Beuteltier"]
[Result "1-0"]
[WhiteElo "2451"]
[BlackElo "2472"]
[PlyCount "107"]
[EventDate "2021.??.??"]
[EventType "blitz"]

1. e4 e5 2. Nf3 Nc6 3. c3 Nf6 4. d4 Nxe4 5. d5 Ne7 6. Nxe5 Ng6 7. Nxg6 hxg6 8.
Bd3 Nc5 9. O-O Nxd3 10. Qxd3 Be7 11. Re1 O-O 12. Nd2 d6 13. Nf3 Bf5 14. Qc4 Bf6
15. Be3 a6 16. Bd4 Qd7 17. Bxf6 gxf6 18. Nd4 Rac8 19. Re3 g5 20. Rae1 Bg6 21.
Re7 Rfe8 22. Qe2 Rxe7 23. Qxe7 Qxe7 24. Rxe7 Kf8 25. Re3 Re8 26. Rxe8+ Kxe8 27.
f3 Bd3 28. b3 Bb1 29. a3 Kd7 30. Kf2 c5 31. dxc6+ bxc6 32. Ke3 c5 33. Ne2 f5
34. g3 a5 35. Kd2 Kc6 36. h4 f4 37. hxg5 fxg3 38. Nxg3 d5 39. f4 d4 40. cxd4
cxd4 41. f5 Kd5 42. b4 axb4 43. axb4 Ke5 44. b5 Kd5 45. f6 Kc5 46. Ne2 Kxb5 47.
Nxd4+ Kc5 48. Ke3 Kd5 49. Nf3 Bc2 50. Kf4 Bd1 51. g6 fxg6 52. f7 g5+ 53. Kxg5
Bxf3 54. f8=Q {Normal} 1-0

[Event "Rated Blitz game"]
[Site "?"]
[Date "2021.06.04"]
[Round "?"]
[White "IBERMAN"]
[Black "kadirtoren1313"]
[Result "1-0"]
[WhiteElo "2408"]
[BlackElo "2391"]
[PlyCount "57"]
[EventDate "2021.??.??"]
[EventType "blitz"]

1. e4 e5 2. Nf3 Nc6 3. c3 Nf6 4. d4 exd4 5. e5 Ne4 6. cxd4 d5 7. Be2 Bf5 8. O-O
Be7 9. a3 O-O 10. Be3 Ng5 11. Nxg5 Bxg5 12. f4 Be7 13. Nc3 a6 14. g4 Be4 15.
Nxe4 dxe4 16. d5 Nb8 17. Qd4 f5 18. gxf5 Rxf5 19. Qxe4 Rf8 20. Bd3 g6 21. f5
gxf5 22. Rxf5 Rxf5 23. Qxf5 Qxd5 24. Qxh7+ Kf8 25. Qh8+ Kf7 26. Rf1+ Ke6 27.
Qg8+ Kxe5 28. Rf5+ Kd6 29. Qxd5# {Normal} 1-0

[Event "Rated Blitz game"]
[Site "?"]
[Date "2021.06.04"]
[Round "?"]
[White "MAYAR346"]
[Black "RangyAngularity"]
[Result "0-1"]
[WhiteElo "2253"]
[BlackElo "2403"]
[PlyCount "38"]
[EventDate "2021.??.??"]
[EventType "blitz"]

1. e4 e5 2. Nf3 Nc6 3. c3 Nf6 4. Bd3 d5 5. Qe2 dxe4 6. Bxe4 Bd6 7. Bxc6+ bxc6
8. O-O e4 9. Ng5 Bf5 10. d3 Qe7 11. dxe4 Bxe4 12. Nxe4 Qxe4 13. Qxe4+ Nxe4 14.
Re1 f5 15. f3 Bc5+ 16. Kh1 O-O-O 17. fxe4 fxe4 18. Rxe4 Rd1+ 19. Re1 Rxe1# {
Normal} 0-1